000 00618nam a22001817a 4500
005 20231109142427.0
008 231109b |||||||| |||| 00| 0 eng d
020 _a421179600
041 _aEnglish
082 _a346.2 CHI
100 _aGuest, AG et al.
_lEnglish
245 _aChitty on Contracts: Fourth Cumulative Supplement to the Twenty-Third Edition Up to date October 1, 1972
_cAG Guest et al.
250 _aTwenty-Third Edition
260 _aLondon :
_bSweet and Maxwell Ltd,
_c1972
300 _b42 pages ;
_c24 cm.
650 _aLegal practice
_bLaw
942 _cBK
_6ALISON_BN_VRIES
999 _c492
_d492